000 00589nam a2200241Ia 4500
005 20260306145608.0
008 008 260114s9999 xx 000 0 eng d
020 _a9783422801363
037 _aEbook
040 _aCRL
040 _beng
040 _cCRL
041 _2eng
041 _aeng
084 _qCRL
245 0 _aDie Nacht von Sevilla. Fußballdrama in 5 Akten
260 _bDeutscher Kunstverlag (DKV)
260 _c2024
650 _aLiterary Studies
856 _uhttps://www.degruyter.com/isbn/9783422801363
942 _cEBOOK
999 _c1689398
_d1689398